00552 2200205 4500245006200000020002200062250001700084100002200101700001600123700002400139700001800163650001100181005001900192260002700211041001400238084001000252300002300262500005200285336000900337 aJangan Ada Ghibah di Antara KitacShakil Ahmad KhanhText a978-602-1337-55-4 aEd. 2 Cet. 1 aShakil Ahmad Khan aWasim Ahmad aYadi Saeful Hidayat aSobar hartini aAkhlak a20230331111147 aBandungbMizaniac2015 aIndonesia a297.5 a223 hlm. :c19 cm. aJudul asli : Ghibah: The Root Cause of All Evil atext